[Event "Eger Tel op"]
[Site "Eger"]
[Date "2008.01.26"]
[Round "4"]
[White "Kovacs, Lajos1111"]
[Black "Donka, Peter"]
[Result "0-1"]
[WhiteElo "2044"]
[BlackElo "2233"]
[PlyCount "88"]
[EventDate "2008.01.24"]
[EventType "swiss"]
[EventRounds "7"]
[EventCountry "HUN"]
[SourceTitle "EXT 2011"]
[Source "ChessBase"]
[SourceDate "2010.11.26"]
[SourceVersion "1"]
[SourceVersionDate "2010.11.26"]
[SourceQuality "1"]

1. d4 d6 2. c4 e5 3. dxe5 dxe5 4. Qxd8+ Kxd8 5. Nf3 f6 6. Nc3 c6 7. e4 Be6 8. Be3 Bb4 9. 0-0-0+ Kc7 10. Kc2 Nd7 11. a3 Bxc3 12. Kxc3 c5 13. Bd3 Ne7 14. b4 b6 15. b5 g5 16. Nd2 a6 17. a4 Ng6 18. g3 h5 19. h3 Bf7 20. Rhf1 Be6 21. Rh1 axb5 22. axb5 Ra3+ 23. Nb3 Rha8 24. Ra1 Rxa1 25. Nxa1 h4 26. Nb3 Rh8 27. g4 Nf4 28. Bxf4 exf4 29. f3 Ne5 30. Be2 Rd8 31. Ra1 Kb7 32. Ra2 Nf7 33. Ra1 Re8 34. Ra6 f5 35. Nd2 fxg4 36. fxg4 Bc8 37. e5 Nxe5 38. Ne4 Kc7 39. Nf6 Rd8 40. Nd5+ Rxd5 41. cxd5 Bxa6 42. bxa6 Nf7 43. Bb5 Nd6 44. Bc6 Kb8 0-1

[Event "HUN-chT2 Maroczy 0708"]
[Site "Hungary"]
[Date "2007.10.14"]
[Round "1"]
[White "Donka, Peter"]
[Black "Papp, Abel"]
[Result "0-1"]
[WhiteElo "2230"]
[BlackElo "2195"]
[PlyCount "54"]
[EventDate "2007.10.14"]
[EventType "team"]
[EventRounds "11"]
[EventCountry "HUN"]
[SourceTitle "EXT 2009"]
[Source "ChessBase"]
[SourceDate "2008.11.26"]
[SourceVersion "1"]
[SourceVersionDate "2008.11.26"]
[SourceQuality "1"]
[WhiteTeam "Teva"]
[BlackTeam "Miskolc EMSE"]
[WhiteTeamCountry "HUN"]
[BlackTeamCountry "HUN"]

1. e4 e5 2. Nf3 Nc6 3. d4 exd4 4. Nxd4 Bc5 5. Be3 Qf6 6. Nb5 Bxe3 7. fxe3 Qh4+ 8. g3 Qd8 9. Qg4 g6 10. Qf4 d6 11. Bc4 Ne5 12. 0-0 Qd7 13. N1c3 a6 14. Nd5 axb5 15. Bxb5 c6 16. Nb6 Qd8 17. Nxa8 cxb5 18. Rad1 Be6 19. Rd4 g5 20. Qf2 g4 21. Qd2 Qxa8 22. Rxd6 Ne7 23. Qc3 N7g6 24. Rfd1 0-0 25. Qc7 Qa4 26. Rb6 Qxe4 27. Rxb5 Qxe3+ 0-1

[Event "HUN-chT2 Maroczy 0607"]
[Site "Hungary"]
[Date "2007.05.06"]
[Round "10"]
[White "Konnyu, Janos"]
[Black "Donka, Peter"]
[Result "1-0"]
[WhiteElo "2277"]
[BlackElo "2272"]
[PlyCount "119"]
[EventDate "2006.11.12"]
[EventType "team"]
[EventRounds "11"]
[EventCountry "HUN"]
[SourceTitle "EXT 2008"]
[Source "ChessBase"]
[SourceDate "2007.11.25"]
[SourceVersion "1"]
[SourceVersionDate "2007.11.25"]
[SourceQuality "1"]
[WhiteTeam "Sarospatak"]
[BlackTeam "DEAC"]
[WhiteTeamCountry "HUN"]
[BlackTeamCountry "HUN"]

1. e4 g6 2. d4 Bg7 3. Nc3 c6 4. Be3 d5 5. f3 Nf6 6. e5 Nfd7 7. Qd2 h5 8. e6 fxe6 9. Bd3 Nf8 10. f4 c5 11. Nf3 Nc6 12. Bb5 cxd4 13. Bxd4 Bf6 14. 0-0-0 Bd7 15. Bxc6 bxc6 16. Na4 Rg8 17. Nc5 Rb8 18. Rhe1 Rb5 19. a4 Rb8 20. g3 Bxd4 21. Qxd4 Bc8 22. Ne5 Qb6 23. h4 Nd7 24. Nexd7 Bxd7 25. Re5 Qb4 26. Qxb4 Rxb4 27. b3 Rg7 28. c3 Rb8 29. Kc2 Rf7 30. Rde1 Rf6 31. Kd3 a5 32. Kd4 Bc8 33. Rb1 Kd8 34. b4 Kc7 35. Ree1 axb4 36. cxb4 Kd6 37. Rec1 Rf5 38. Nd3 Ba6 39. Ne5 Bc4 40. b5 cxb5 41. axb5 g5 42. hxg5 h4 43. Nxc4+ dxc4 44. Rxc4 hxg3 45. Ke4 Rbxb5 46. Rg1 Rb3 47. Rd4+ Kc6 48. Rc1+ Rc5 49. Rxc5+ Kxc5 50. Rd2 Kc6 51. g6 Rb8 52. Rg2 Rg8 53. Rxg3 Rg7 54. Ke5 Kd7 55. Rg2 Ke8 56. Kxe6 Kf8 57. f5 Rg8 58. g7+ Ke8 59. Ra2 Rxg7 60. Ra8# 1-0

[Event "HUN-chT2 Maroczy 0607"]
[Site "Hungary"]
[Date "2007.03.04"]
[Round "6"]
[White "Donka, Peter"]
[Black "Grecescu, Gabriel Andrei"]
[Result "0-1"]
[WhiteElo "2272"]
[BlackElo "2405"]
[PlyCount "58"]
[EventDate "2006.11.12"]
[EventType "team"]
[EventRounds "11"]
[EventCountry "HUN"]
[SourceTitle "EXT 2008"]
[Source "ChessBase"]
[SourceDate "2007.11.25"]
[SourceVersion "1"]
[SourceVersionDate "2007.11.25"]
[SourceQuality "1"]
[WhiteTeam "DEAC"]
[BlackTeam "Kazincbarcika"]
[WhiteTeamCountry "HUN"]
[BlackTeamCountry "HUN"]

1. d4 Nf6 2. Bg5 e6 3. e4 h6 4. Bxf6 Qxf6 5. c3 c5 6. e5 Qd8 7. Nf3 Nc6 8. a3 d6 9. dxc5 dxe5 10. Qxd8+ Kxd8 11. Bb5 f6 12. Bxc6 bxc6 13. b4 g5 14. h3 Kc7 15. Nbd2 Ba6 16. a4 Bd3 17. a5 Bg7 18. 0-0-0 f5 19. Nb3 e4 20. Nfd4 Bc4 21. Kc2 Rhf8 22. Rhe1 Rad8 23. Nc1 h5 24. h4 gxh4 25. f3 e5 26. Nxf5 Rxf5 27. Rxe4 Rxd1 28. Kxd1 Bf1 29. Rxh4 Bxg2 0-1

[Event "HUN-chT2 Maroczy 0607"]
[Site "Hungary"]
[Date "2007.02.18"]
[Round "5"]
[White "Donka, Peter"]
[Black "Szurovszky, Elek"]
[Result "0-1"]
[WhiteElo "2272"]
[BlackElo "2163"]
[PlyCount "96"]
[EventDate "2006.11.12"]
[EventType "team"]
[EventRounds "11"]
[EventCountry "HUN"]
[SourceTitle "EXT 2008"]
[Source "ChessBase"]
[SourceDate "2007.11.25"]
[SourceVersion "1"]
[SourceVersionDate "2007.11.25"]
[SourceQuality "1"]
[WhiteTeam "DEAC"]
[BlackTeam "Miskolc EMSE"]
[WhiteTeamCountry "HUN"]
[BlackTeamCountry "HUN"]

1. d4 Nf6 2. Nf3 e6 3. Nbd2 c5 4. e4 cxd4 5. e5 Nd5 6. Bc4 Nb6 7. Nxd4 Nc6 8. Nxc6 dxc6 9. Qg4 h5 10. Qg3 h4 11. Qg4 Nxc4 12. Nxc4 h3 13. gxh3 Rh4 14. Nd6+ Bxd6 15. Qxg7 Qa5+ 16. Kf1 Qb5+ 17. Kg1 Qxe5 18. Qg8+ Bf8 19. Qg3 Qe1+ 20. Kg2 Qe4+ 21. Kg1 e5 22. Bg5 Rxh3 23. Qg2 Qxg2+ 24. Kxg2 Be7 25. Rhe1 Rh5 26. Bd2 Bh3+ 27. Kg3 0-0-0 28. Bc3 Rg8+ 29. Kf3 Bg2+ 30. Ke2 e4 31. Bd4 Rd8 32. Rg1 Bf3+ 33. Ke3 c5 34. Bc3 Bg5+ 35. Rxg5 Rxg5 36. Bf6 Rh5 37. Bxd8 Kxd8 38. Rg1 Rh4 39. Rg5 b6 40. a4 Ke7 41. a5 Ke6 42. b4 f5 43. Rg7 f4+ 44. Kd2 cxb4 45. axb6 axb6 46. Rg6+ Kd5 47. Rxb6 Rxh2 48. Ke1 Rh1+ 0-1

[Event "HUN-chT2 Maroczy 0607"]
[Site "Hungary"]
[Date "2006.12.17"]
[Round "4"]
[White "Laszlo, Janos"]
[Black "Donka, Peter"]
[Result "1/2-1/2"]
[WhiteElo "2304"]
[BlackElo "2272"]
[PlyCount "27"]
[EventDate "2006.11.12"]
[EventType "team"]
[EventRounds "11"]
[EventCountry "HUN"]
[SourceTitle "EXT 2008"]
[Source "ChessBase"]
[SourceDate "2007.11.25"]
[SourceVersion "1"]
[SourceVersionDate "2007.11.25"]
[SourceQuality "1"]
[WhiteTeam "Teva"]
[BlackTeam "DEAC"]
[WhiteTeamCountry "HUN"]
[BlackTeamCountry "HUN"]

1. b3 e5 2. Bb2 d6 3. g3 Nc6 4. c4 g6 5. Bg2 Bg7 6. e3 f5 7. Ne2 Nf6 8. Nbc3 0-0 9. 0-0 Kh8 10. Nd5 Ne7 11. d3 c6 12. Nxf6 Bxf6 13. Qd2 g5 14. f4 1/2-1/2

[Event "HUN-chT2 Barcza 0506"]
[Site "Hungary"]
[Date "2006.03.19"]
[Round "9"]
[White "Donka, Peter"]
[Black "Ag, Norbert"]
[Result "1/2-1/2"]
[WhiteElo "2259"]
[BlackElo "2083"]
[PlyCount "82"]
[EventDate "2005.10.16"]
[EventType "team"]
[EventRounds "11"]
[EventCountry "HUN"]
[SourceTitle "EXT 2009"]
[Source "ChessBase"]
[SourceDate "2008.11.26"]
[SourceVersion "1"]
[SourceVersionDate "2008.11.26"]
[SourceQuality "1"]
[WhiteTeam "DEAC"]
[BlackTeam "Kozma Auto"]
[WhiteTeamCountry "HUN"]
[BlackTeamCountry "HUN"]

1. d4 d5 2. Nf3 Nf6 3. c4 c6 4. Nbd2 e6 5. g3 Bd6 6. b3 Nbd7 7. Bb2 0-0 8. Bg2 Re8 9. Ne5 Qc7 10. Nxd7 Bxd7 11. c5 Bf8 12. h3 Rad8 13. 0-0 Bc8 14. b4 g6 15. Nf3 Bg7 16. Bc1 Nd7 17. a4 e5 18. e3 e4 19. Nd2 Rf8 20. Nb3 f5 21. Bd2 Nf6 22. b5 Rde8 23. Qe2 g5 24. a5 Bh6 25. a6 bxa6 26. bxc6 Kh8 27. Na5 Rg8 28. Nb7 f4 29. Nd6 Ref8 30. f3 exf3 31. Qxf3 g4 32. hxg4 Bxg4 33. Qf2 f3 34. Bxf3 Ne4 35. Qg2 Nxd2 36. Bxg4 Nxf1 37. Rxf1 Rxg4 38. Rxf8+ Bxf8 39. Qf3 Bxd6 40. Qxg4 Be7 41. Qe6 Qxg3+ 1/2-1/2

[Event "Eger Agria op"]
[Site "Eger"]
[Date "2005.07.31"]
[Round "8"]
[White "Donka, Peter"]
[Black "Varga, Damir"]
[Result "0-1"]
[WhiteElo "2259"]
[BlackElo "2051"]
[PlyCount "80"]
[EventDate "2005.07.18"]
[EventType "swiss"]
[EventRounds "9"]
[EventCountry "HUN"]
[SourceTitle "EXT 2008"]
[Source "ChessBase"]
[SourceDate "2007.11.25"]
[SourceVersion "1"]
[SourceVersionDate "2007.11.25"]
[SourceQuality "1"]

1. d4 Nf6 2. Nc3 g6 3. Bg5 Bg7 4. e4 d6 5. e5 Nfd7 6. exd6 cxd6 7. Nf3 0-0 8. Bc4 Qc7 9. Bb3 e6 10. 0-0 a6 11. Qd2 b5 12. Qf4 Nb6 13. Bf6 Bxf6 14. Qxf6 Qd8 15. Qf4 Bb7 16. Rfe1 Bxf3 17. Qxf3 d5 18. a4 Nc6 19. Ne2 Nc4 20. Bxc4 bxc4 21. b3 cxb3 22. cxb3 Qb6 23. Red1 Rab8 24. Rd3 Nb4 25. Rc3 Rfc8 26. Rac1 Rxc3 27. Rxc3 Na2 28. Rd3 Qb4 29. h4 h5 30. g4 hxg4 31. Qxg4 Kg7 32. Re3 Rh8 33. Nf4 Qe7 34. h5 Rh6 35. Nxd5 Qb7 36. Nf4 Nb4 37. Rg3 Qe4 38. Re3 Qc6 39. Qg5 Nd5 40. hxg6 Nxf4 0-1

[Event "Nyiregyhaza op"]
[Site "Nyiregyhaza"]
[Date "2004.07.15"]
[Round "6"]
[White "Szeberenyi, Adam"]
[Black "Donka, Peter"]
[Result "0-1"]
[WhiteElo "2422"]
[BlackElo "2248"]
[PlyCount "84"]
[EventDate "2004.07.10"]
[EventType "swiss"]
[EventRounds "9"]
[EventCountry "HUN"]
[SourceTitle "EXT 2008"]
[Source "ChessBase"]
[SourceDate "2007.11.25"]
[SourceVersion "1"]
[SourceVersionDate "2007.11.25"]
[SourceQuality "1"]

1. d4 d6 2. Nf3 Bg4 3. e4 Nf6 4. Nc3 e6 5. h3 Bh5 6. Qe2 a6 7. g4 Bg6 8. h4 h5 9. g5 Nfd7 10. Be3 c6 11. a3 d5 12. Nd2 b5 13. f4 b4 14. axb4 Bxb4 15. f5 exf5 16. exd5 0-0 17. Bg2 Bxc3 18. bxc3 cxd5 19. Bxd5 Ra7 20. 0-0 Nb6 21. Bg2 Re8 22. Qf3 Rd7 23. Bf4 Nd5 24. Rae1 Rxe1 25. Rxe1 Nc6 26. Nc4 Kh7 27. Ne5 Nxe5 28. Rxe5 Nxf4 29. Qxf4 Qb8 30. Qf1 Qb6 31. Kh2 f6 32. gxf6 Qxf6 33. Qf4 Rc7 34. Rc5 Rxc5 35. dxc5 Be8 36. Qd4 Qe7 37. c6 Bxc6 38. Qf4 Bxg2 39. Kxg2 Qe2+ 40. Kg3 Qg4+ 41. Qxg4 fxg4 42. c4 Kg8 0-1

[Event "HUN-chT2 Barcza 0203"]
[Site "Hungary"]
[Date "2003.01.19"]
[Round "5"]
[White "Donka, Peter"]
[Black "Racz, Zoltan"]
[Result "1/2-1/2"]
[WhiteElo "2267"]
[BlackElo "2230"]
[PlyCount "81"]
[EventDate "2002.09.22"]
[EventType "team"]
[EventRounds "11"]
[EventCountry "HUN"]
[SourceTitle "EXT 2009"]
[Source "ChessBase"]
[SourceDate "2008.11.26"]
[SourceVersion "1"]
[SourceVersionDate "2008.11.26"]
[SourceQuality "1"]

1. d4 g6 2. e4 Bg7 3. Nf3 d6 4. c3 Nf6 5. Bd3 0-0 6. 0-0 e5 7. dxe5 dxe5 8. Nxe5 Nxe4 9. Nxf7 Kxf7 10. Bxe4 Qxd1 11. Rxd1 c6 12. Na3 Bg4 13. f3 Be6 14. Be3 Re8 15. Nc2 Nd7 16. Nd4 Nf6 17. Nxe6 Rxe6 18. Bd4 Nxe4 19. Bxg7 Kxg7 20. fxe4 Rxe4 21. Rd7+ Kh6 22. Rf1 Rae8 23. h3 R8e7 24. Rf7 Re1+ 25. Kh2 Rxf7 26. Rxf7 b5 27. Rxa7 Re2 28. b4 Rc2 29. Ra3 Kg5 30. Kg3 h5 31. Kf3 Kf5 32. g4+ hxg4+ 33. hxg4+ Ke5 34. Ke3 g5 35. Kd3 Rg2 36. Ra6 Rg3+ 37. Kc2 Kd5 38. a4 Rg2+ 39. Kd3 Rg3+ 40. Kc2 Rg2+ 41. Kd3 1/2-1/2

[Event "Debrecen Aranybika op 5th"]
[Site "Debrecen"]
[Date "2002.12.27"]
[Round "2.3"]
[White "Donka, Peter"]
[Black "Hegedus, Gyorgy"]
[Result "1-0"]
[WhiteElo "2267"]
[BlackElo "2116"]
[PlyCount "49"]
[EventDate "2002.12.30"]
[EventType "swiss"]
[EventRounds "10"]
[EventCountry "HUN"]
[SourceTitle "CBM 092 Extra"]
[Source "ChessBase"]
[SourceDate "2003.03.07"]
[SourceVersion "1"]
[SourceVersionDate "2003.03.07"]
[SourceQuality "1"]

1. Nc3 d5 2. e4 d4 3. Nce2 e5 4. Ng3 b6 5. Bc4 g6 6. Nf3 Bg7 7. h4 h5 8. c3 Nh6 9. Qb3 0-0 10. cxd4 exd4 11. d3 Nc6 12. Bg5 Qd6 13. Bd5 Na5 14. Qc2 c6 15. Bb3 Ng4 16. Ba4 Ne3 17. fxe3 Qxg3+ 18. Qf2 Qxf2+ 19. Kxf2 dxe3+ 20. Bxe3 Bxb2 21. Rab1 Bg7 22. Bd2 Ba6 23. Bxa5 bxa5 24. Bxc6 Bxd3 25. Bxa8 1-0